| 000 | 00499 a2200181 4500 | ||
|---|---|---|---|
| 005 | 20250519140611.0 | ||
| 008 | 250519b |||||||| |||| 00| 0 eng d | ||
| 020 |
_a9781666867732 _c$ 193.00 |
||
| 040 | _aMAIN | ||
| 082 |
_a571.6 _bG223T |
||
| 100 | _aGatewood, Robert | ||
| 245 | _aTextbook of biochemistry and molecular cell biology | ||
| 260 |
_bAmerican Academic Publisher _c2024 _aWilmington |
||
| 300 | _ax, 352 | ||
| 650 | _aMolecular Biology | ||
| 650 | _aDNA Technology | ||
| 942 | _cBK | ||
| 999 |
_c359746 _d359746 |
||